Strategiczne problemy w systemie zarzadzania przedsiebiorstwem

Na minha lista:
Detalhes bibliográficos
Formato: Livro
Idioma:polonês
inglês
Publicado em: Lódz Wydawnictwo Uniwersytetu Lódzkiego 1991
Edição:1. wyd.
Colecção:Folia Oeconomica 110
Assuntos:
Tags: Adicionar Tag
Sem tags, seja o primeiro a adicionar uma tag!

MARC

LEADER 00000nam a2200000 4500
001 c014151
005 20221206114942.8
041 0 |a pol 
041 0 |a eng 
044 |a PL 
245 1 0 |a Strategiczne problemy w systemie zarzadzania przedsiebiorstwem 
250 |a 1. wyd. 
264 1 |a Lódz  |b Wydawnictwo Uniwersytetu Lódzkiego  |c 1991 
300 |a 244 s. 
490 1 |a Folia Oeconomica  |v 110 
830 0 |a Folia Oeconomica  |v 110 
610 2 0 |a podnik 
610 2 0 |a riadenie podnikové 
610 2 0 |a manažment 
610 2 0 |a politika priemyselná 
610 2 0 |a riadenie strategické 
610 2 0 |a ceny 
610 2 0 |a stratégia podniková 
610 2 0 |a transfer technológie 
610 2 0 |a proces výrobný 
610 2 0 |a politika personálna 
610 2 0 |a Nemecko